000 00563nam a2200181Ia 4500
003 GCL
005 20240530104403.0
008 140319s9999 xx 000 0 ara d
040 _aGCL /
_cGCL
082 0 4 _a155.4
_bك م
100 1 _aلندال، لبستركير
245 1 0 _aما يجب على المراهق ان يعرفه /
_cلندال، لبستركير
300 _a91 ص
490 _aسلسلة دراسات سيكولوجية
_v0
650 0 4 _aالمراهقة - علم نفس
650 0 4 _aالمراهقة، الاطفال
942 _2ddc
_cBK
999 _c47138
_d47138